| 000 | 00404nam a2200169 a 4500 | ||
|---|---|---|---|
| 001 | 0000-9287 | ||
| 003 | ELIB.Books | ||
| 008 | 110520 1967 | ||
| 035 | _a(ELIB.Books)0000-9439 | ||
| 082 |
_aFic _bMor |
||
| 100 | _aMorgan, Helen | ||
| 245 | _aWhat Price Glory ? | ||
| 260 |
_bLondon: Patmos Press _c1967 |
||
| 650 | _aFiction | ||
| 942 |
_2ddc _cBK |
||
| 998 |
_cbat _e2011-05-20 |
||
| 999 |
_c9287 _d9287 |
||